[Event "Challenge"]
[Site "http://www.queenalice.com/game.php?id=493180"]
[Date "2008.11.14"]
[Round "-"]
[White "felipefusiger"]
[Black "Quanah4"]
[Result "0-1"]
[WhiteElo "1117"]
[BlackElo "1127"]

1. e4 c5 2. Nf3 g6 3. Nc3 Bg7 4. Bd3 e6 5. Bf1 Nc6 6. d3 Nge7 7. Bd2 O-O 8. Be2
d5 9. O-O Qc7 10. g3 b6 11. exd5 exd5 12. Bf4 Qd7 13. Ng5 f6 14. Nh3 Nd4 15. f3
g5 16. Be3 Qxh3 17. Kh1 Qd7 18. f4 Nxe2 19. Qxe2 h6 20. fxg5 fxg5 21. Nb5 Qxb5
0-1

[Event "Challenge"]
[Site "http://www.queenalice.com/game.php?id=493299"]
[Date "2008.11.14"]
[Round "-"]
[White "felipefusiger"]
[Black "gsiqueira"]
[Result "0-1"]
[WhiteElo "1117"]
[BlackElo "1898"]

1. e4 e5 2. Nc3 Nc6 3. Bd3 Bc5 4. Nf3 Nf6 5. O-O O-O 6. h3 d6 7. Ng5 h6 8. Nf3
Nh5 9. g4 Nf4 10. h4 Bxg4 11. Nd5 Nd4 12. c3 Bxf3 13. Be2 Ndxe2+ 14. Kh2 Qxh4#
0-1

[Event "AUTO-OPEN-1337"]
[Site "http://www.queenalice.com/game.php?id=493543"]
[Date "2008.11.15"]
[Round "1"]
[White "Fischercat"]
[Black "felipefusiger"]
[Result "1-0"]
[WhiteElo "1892"]
[BlackElo "1110"]

1. Nc3 e5 2. Nf3 Nc6 3. e4 Bb4 4. Bc4 a5 5. O-O Nf6 6. d3 d6 7. Nd5 b5 8. Bxb5
Qd7 9. Nxf6+ gxf6 10. c3 Bc5 11. d4 Ba7 12. d5 Nb8 13. Bxd7+ Bxd7 14. Qb3 Bb6
15. Bh6 Bb5 16. Qxb5+ c6 17. Qxb6 Nd7 18. Qxc6 Rd8 19. Qxd6 Rg8 20. Nh4 Rg4 21.
Nf5 Rxe4 22. Qe7# 1-0

[Event "AUTO-OPEN-1337"]
[Site "http://www.queenalice.com/game.php?id=493544"]
[Date "2008.11.15"]
[Round "1"]
[White "felipefusiger"]
[Black "Fischercat"]
[Result "0-1"]
[WhiteElo "1110"]
[BlackElo "1874"]

1. e4 e5 2. d3 Bc5 3. Be3 Bxe3 4. fxe3 Nf6 5. Nf3 d6 6. Nc3 O-O 7. Be2 Be6 8.
Ng5 Nc6 9. Rf1 h6 10. Nxe6 fxe6 11. Bf3 Ne7 12. g4 Ng6 13. h4 Nxh4 14. Bg2 Nxg2+
15. Kf2 Nxg4+ 16. Kxg2 Nxe3+ 17. Kg1 Qg5+ 18. Kh1 Qg2# 0-1

[Event "AUTO-OPEN-1337"]
[Site "http://www.queenalice.com/game.php?id=493555"]
[Date "2008.11.15"]
[Round "1"]
[White "felipefusiger"]
[Black "matheusinho_7_7"]
[Result "1-0"]
[WhiteElo "1117"]
[BlackElo "732"]

1. e4 d6 2. d4 e6 3. Nf3 e5 4. dxe5 c6 5. exd6 Bxd6 6. Nc3 Bxh2 7. Rxh2 b5 8.
Be3 c5 9. Nxb5 Ba6 10. a4 Kf8 11. Bxc5+ Ke8 12. Bc4 Bxb5 13. Bxb5+ Qd7 14. Bxd7+
Kd8 15. Be6+ Ke8 16. Qd7+ 1-0

[Event "AUTO-OPEN-1337"]
[Site "http://www.queenalice.com/game.php?id=493556"]
[Date "2008.11.15"]
[Round "1"]
[White "matheusinho_7_7"]
[Black "felipefusiger"]
[Result "0-1"]
[WhiteElo "752"]
[BlackElo "1100"]

1. d4 d5 2. e3 Nc6 3. f4 e6 4. c3 a6 5. Nd2 Nf6 6. e4 dxe4 7. Nxe4 Nxe4 8. Bxa6
Rxa6 9. Kf1 Qh4 10. Nh3 e5 11. dxe5 Bg4 12. Ng5 Nxg5 13. Kg1 Bxd1 14. fxg5 Qe1#
0-1

[Event "Challenge"]
[Site "http://www.queenalice.com/game.php?id=493667"]
[Date "2008.11.15"]
[Round "-"]
[White "felipefusiger"]
[Black "Fischercat"]
[Result "0-1"]
[WhiteElo "1190"]
[BlackElo "1892"]

1. e4 e5 2. d3 Bc5 3. Be3 Bxe3 4. fxe3 Nf6 5. Nf3 d6 6. Be2 O-O 7. O-O Ng4 8. h3
Nxe3 9. Qe1 Nxf1 10. Kxf1 Qf6 11. Nc3 c6 12. g4 Qh6 13. h4 Bxg4 14. Qg3 Bxf3 15.
Bxf3 Nd7 16. Qg4 Nf6 17. Qh3 Kh8 18. Bg4 Qf4+ 19. Kg2 Nxg4 20. Kg1 Qe3+ 21. Qxe3
Nxe3 22. Kf2 Nxc2 23. Rc1 Nd4 24. Ne2 Nxe2 25. Kxe2 f5 26. exf5 Rxf5 27. Ke3
Raf8 28. Ke4 Rf4+ 29. Ke3 Rxh4 30. Rc4 Rxc4 31. Kd2 Rh4 32. Ke2 e4 33. Ke3 Rf3+
0-1

[Event "Challenge"]
[Site "http://www.queenalice.com/game.php?id=494072"]
[Date "2008.11.16"]
[Round "-"]
[White "NightCatcher"]
[Black "felipefusiger"]
[Result "1-0"]
[WhiteElo "1500"]
[BlackElo "1120"]

1. e4 e5 2. Bc4 Nf6 3. Qf3 Bc5 4. d3 Nc6 5. c3 O-O 6. Bg5 h6 7. Bxf6 gxf6 8. Ne2
Ne7 9. Qxf6 Qe8 10. Qxh6 Ng6 11. Qxg6+ Kh8 12. Qh6+ Kg8 13. Ng3 d5 14. Nh5 Be7
15. Qg7# 1-0

[Event "AUTO-OPEN-1338"]
[Site "http://www.queenalice.com/game.php?id=494121"]
[Date "2008.11.16"]
[Round "1"]
[White "Lorfman"]
[Black "felipefusiger"]
[Result "1-0"]
[WhiteElo "2517"]
[BlackElo "1110"]

1. e4 e5 2. Nf3 Nc6 3. Bc4 Nf6 4. Ng5 h6 5. Nxf7 Qe7 6. Nxh8 Qb4 7. Bf7+ Kd8 8.
Bg6 Nd4 9. c3 Qd6 10. Nf7+ Ke7 11. Nxd6 cxd6 12. cxd4 exd4 13. Qb3 d5 14. e5 Ng4
15. Qb4+ Kd8 16. Qxf8+ Kc7 17. Qd6+ Kd8 18. e6 b6 19. e7# 1-0

[Event "AUTO-OPEN-1338"]
[Site "http://www.queenalice.com/game.php?id=494122"]
[Date "2008.11.16"]
[Round "1"]
[White "felipefusiger"]
[Black "Lorfman"]
[Result "0-1"]
[WhiteElo "1110"]
[BlackElo "2518"]

1. e4 c5 2. Nf3 Nc6 3. Nc3 d6 4. Nd5 e6 5. Nf4 Nf6 6. Bc4 Nxe4 7. d3 Nf6 8. O-O
d5 9. Bb3 Bd6 10. h3 O-O 11. d4 cxd4 12. Bd2 Bc7 13. g4 e5 14. Ng2 Nxg4 15. hxg4
Bxg4 16. Bg5 Qd7 17. Qe2 e4 18. Rae1 Bxf3 19. Qd2 Qg4 20. Qf4 Qxg2# 0-1

[Event "AUTO-OPEN-1338"]
[Site "http://www.queenalice.com/game.php?id=494143"]
[Date "2008.11.16"]
[Round "1"]
[White "dante72"]
[Black "felipefusiger"]
[Result "1-0"]
[WhiteElo "1749"]
[BlackElo "1190"]

1. d4 d5 2. e3 Nc6 3. Bb5 a6 4. Bd3 e5 5. c3 Bd6 6. b4 Be6 7. h3 Nge7 8. Nf3 O-O
9. O-O f6 10. Nbd2 Bf5 11. Nb3 Bxd3 12. Qxd3 Rc8 13. Qd1 Nf5 14. Nc5 b6 15. Ne6
Qe7 16. Nxf8 Rxf8 17. Re1 a5 18. b5 Na7 19. a4 Rb8 20. g4 Nh6 21. Nh4 g5 22. Nf3
1-0

[Event "AUTO-OPEN-1338"]
[Site "http://www.queenalice.com/game.php?id=494144"]
[Date "2008.11.16"]
[Round "1"]
[White "felipefusiger"]
[Black "dante72"]
[Result "0-1"]
[WhiteElo "1190"]
[BlackElo "1747"]

1. e4 e5 2. Nf3 d6 3. d3 h6 4. Nc3 Nf6 5. Be3 Be7 6. Be2 O-O 7. O-O Bg4 8. h3
Bh5 9. g4 Bg6 10. Nd5 Nxd5 11. exd5 c5 12. b3 Nd7 13. a4 Nb6 14. c3 Nxd5 15. c4
Nb4 16. Bd2 Nxd3 17. Be3 Nf4 18. Bxf4 exf4 19. Bd3 Bf6 20. Re1 Bxd3 21. Qxd3 Qd7
22. Re4 g5 23. Nd2 Bxa1 0-1

[Event "AUTO-OPEN-1338"]
[Site "http://www.queenalice.com/game.php?id=494157"]
[Date "2008.11.16"]
[Round "1"]
[White "felipefusiger"]
[Black "Smartmove"]
[Result "0-1"]
[WhiteElo "1110"]
[BlackElo "1944"]

1. e4 e5 2. Nf3 Nc6 3. d4 exd4 4. Nxd4 Nf6 5. Bf4 Nxe4 6. f3 Qh4+ 7. g3 Nxg3 8.
hxg3 Qxh1 9. Be3 Bc5 10. Qe2 O-O 11. Qg2 Qxg2 12. Bxg2 Bxd4 13. Ke2 Re8 14. Kf2
Rxe3 15. Nd2 Rc3+ 16. Ke1 Rxc2 17. Kd1 Rxb2 18. Kc1 Rxd2 19. Kxd2 Bxa1 20. f4 d6
21. Be4 Bg4 22. Ke3 Re8 23. a4 d5 24. f5 Rxe4+ 25. Kf2 Bd4+ 0-1

[Event "canisio"]
[Site "http://www.queenalice.com/game.php?id=494462"]
[Date "2008.11.17"]
[Round "-"]
[White "felipefusiger"]
[Black "Burrinho"]
[Result "0-1"]
[WhiteElo "1061"]
[BlackElo "1751"]

1. e4 e5 2. Nf3 Nc6 3. d4 exd4 4. Nxd4 Qf6 5. c3 Bc5 6. Be3 Nge7 7. Bb5 Nxd4 8.
Bxd4 Bxd4 9. cxd4 a6 10. Bc4 b5 11. Be2 Bb7 12. e5 Qg5 13. Bf3 Bxf3 14. Qxf3 O-O
15. Nc3 c6 16. O-O Nf5 17. Rae1 Nh4 18. Qh3 f5 19. g3 Nf3+ 0-1

[Event "Challenge"]
[Site "http://www.queenalice.com/game.php?id=494468"]
[Date "2008.11.17"]
[Round "-"]
[White "felipefusiger"]
[Black "Aldino"]
[Result "0-1"]
[WhiteElo "1190"]
[BlackElo "1950"]

1. e4 e5 2. Nf3 d6 3. Bb5+ Bd7 4. Bd3 Nf6 5. O-O Be7 6. b3 Nc6 7. Ba3 Bg4 8. h3
Be6 9. Nc3 O-O 10. Ng5 Bd7 11. Bc4 h6 12. Nf3 a6 13. d3 b5 14. Bd5 Nxd5 15. exd5
Na7 16. Ne4 Bc8 17. Neg5 Bxg5 18. Nxg5 Qxg5 19. g4 f5 20. f3 Bb7 21. Bc1 Qg6 22.
Be3 Bxd5 23. Qe2 Nc6 24. c4 Be6 25. Rac1 f4 26. Bf2 Nb4 27. a3 Nxd3 28. Rcd1
Nxf2 29. Rxf2 Qf7 30. Qe4 bxc4 31. bxc4 Bxc4 32. Rc1 Be6 33. Rc6 Bd5 34. Qd3
Bxc6 35. Rc2 Bb5 36. Qc3 c5 37. Rb2 Qc4 38. Qxc4+ Bxc4 39. Rc2 d5 40. a4 a5 41.
Rd2 Rab8 42. Rc2 Rb1+ 43. Kf2 Rc8 44. h4 Rh1 45. Kg2 Rxh4 46. Rc1 e4 47. fxe4
Rxg4+ 48. Kh3 Rg5 49. Kh4 Re5 50. Rc3 Rxe4 51. Kg4 Be2+ 52. Kh3 Rxa4 53. Rg3
fxg3 54. Kxg3 Rg4+ 55. Kh2 Rf8 0-1

[Event "Challenge"]
[Site "http://www.queenalice.com/game.php?id=495356"]
[Date "2008.11.19"]
[Round "-"]
[White "felipefusiger"]
[Black "fusiger"]
[Result "0-1"]
[WhiteElo "1190"]
[BlackElo "1849"]

1. e4 d5 2. d3 dxe4 3. dxe4 Qxd1+ 4. Kxd1 e5 5. Bc4 Nf6 6. Nf3 Bg4 7. h3 Bh5 8.
Nc3 Nc6 9. Be3 Bb4 10. a3 Bxc3 11. bxc3 Nxe4 12. Bd3 Nxc3+ 13. Ke1 e4 14. Ne5
Nxe5 15. Bf1 O-O 16. Bd4 Rfe8 17. Bxc3 Rad8 18. Rd1 Rxd1# 0-1